000 01082nam a22002657a 4500
001 75914
003 UA-OsUOA
005 20260217103041.0
007 ta
008 20110607b un ||||| |||| 00| 0 ukr d
020 _a97896682017017
040 _aUA-OsUOA
_bukr
_cUA-OsUOA
_dUA-OsUOA
041 _aukr
080 _a929:94(477)"18"
090 _a929:94(477)"18"
_bС77
100 _aСтаровойтенко І.
_923202
110 _aНаціональна академія наук України
_bІнститут української археографії та джерелознавства ім. М. С. Грушевського
_945
245 _aЄвген Чикаленко: людина на тлі епохи
_bмонографія
_cІнна Старовойтенко
260 _aК.
_bТемпора
_c2009
300 _a544 с.
650 7 _a929 Біографічні дослідження
_2UDC
_91571
942 _cBK
_2udc
955 _a1
999 _c362212
_d362212